[Event "CFriend SH-2004-0-00018 email"]
[Site "Chessfriend.com"]
[Date "2004.02.28"]
[Round "?"]
[White "Colsaet, Sylvain"]
[Black "Andersen, Lars Kirstein"]
[Result "1/2-1/2"]
[WhiteElo "2129"]
[BlackElo "2142"]
[PlyCount "55"]
[EventDate "2004.02.28"]
[EventType "tourn (corr)"]
[EventRounds "12"]
[SourceTitle "Corr 2008"]
[Source "ChessBase"]
[SourceDate "2008.06.24"]
[SourceVersion "1"]
[SourceVersionDate "2008.06.24"]
[SourceQuality "1"]

1. Nf3 Nf6 2. c4 g6 3. Nc3 Bg7 4. e4 d6 5. d4 0-0 6. Be2 e5 7. Be3 Ng4 8. Bg5 f6 9. Bh4 Nc6 10. d5 Ne7 11. Nd2 Nh6 12. f3 c5 13. dxc6 bxc6 14. b4 Kh8 15. Nb3 g5 16. Bf2 f5 17. Qd2 fxe4 18. Nxe4 d5 19. Nxg5 Ng6 20. g3 Nf7 21. Nxf7+ Rxf7 22. 0-0-0 d4 23. h4 a5 24. h5 Nf8 25. h6 Bf6 26. f4 Bf5 27. Rh5 Bg6 28. fxe5 1/2-1/2

[Event "CFriend SH-2004-0-00018 email"]
[Site "Chessfriend.com"]
[Date "2004.02.28"]
[Round "?"]
[White "Colsaet, Sylvain"]
[Black "Bonehill, Andrew J"]
[Result "1/2-1/2"]
[WhiteElo "2129"]
[BlackElo "2265"]
[PlyCount "52"]
[EventDate "2004.02.28"]
[EventType "tourn (corr)"]
[EventRounds "12"]
[SourceTitle "Corr 2008"]
[Source "ChessBase"]
[SourceDate "2008.06.24"]
[SourceVersion "1"]
[SourceVersionDate "2008.06.24"]
[SourceQuality "1"]

1. Nf3 Nf6 2. c4 g6 3. Nc3 Bg7 4. e4 d6 5. d4 0-0 6. Be2 e5 7. Be3 Ng4 8. Bg5 f6 9. Bh4 g5 10. Bg3 Nh6 11. d5 f5 12. exf5 g4 13. Nd2 Bxf5 14. Nde4 Nd7 15. Bd3 Nf7 16. 0-0 Ng5 17. Qc2 h5 18. Nxg5 Qxg5 19. Bxf5 Qxf5 20. Qxf5 Rxf5 21. Rac1 Raf8 22. Nb5 Bh6 23. Rc2 Bg5 24. h4 gxh3 25. Nxc7 hxg2 26. Kxg2 h4 1/2-1/2

[Event "CFriend SH-2004-0-00018 email"]
[Site "Chessfriend.com"]
[Date "2004.02.28"]
[Round "1"]
[White "Hallengren, Boris"]
[Black "Colsaet, Sylvain"]
[Result "1-0"]
[WhiteElo "2114"]
[BlackElo "2125"]
[PlyCount "105"]
[EventDate "2004.02.28"]
[EventType "tourn (corr)"]
[EventRounds "12"]
[SourceTitle "Corr 2008"]
[Source "ChessBase"]
[SourceDate "2008.06.24"]
[SourceVersion "1"]
[SourceVersionDate "2008.06.24"]
[SourceQuality "1"]

1. e4 e5 2. Nf3 Nc6 3. Bb5 a6 4. Ba4 Nf6 5. 0-0 Be7 6. Re1 b5 7. Bb3 0-0 8. c3 d5 9. exd5 Nxd5 10. Nxe5 Nxe5 11. Rxe5 c6 12. d3 Bd6 13. Re1 Qh4 14. g3 Qh3 15. Re4 Qf5 16. Nd2 Qg6 17. Re1 f5 18. f4 Bxf4 19. Qf3 Bb8 20. Bxd5+ cxd5 21. Nb3 Bb7 22. Bf4 Ba7+ 23. d4 Rae8 24. Qf2 Rxe1+ 25. Rxe1 Re8 26. Be5 Bb6 27. Nc1 a5 28. Nd3 Qf7 29. Nf4 Bc6 30. Nd3 Re6 31. Rf1 Bd7 32. Kh1 h6 33. g4 Rg6 34. Bg3 Qe7 35. Ne5 Rf6 36. Nxd7 Qxd7 37. Be5 Rf7 38. gxf5 Bd8 39. Qg2 Bf6 40. a3 a4 41. Qg4 Qe8 42. Re1 Re7 43. Rg1 Qf7 44. Qf4 Bg5 45. Qf3 Re8 46. Qf1 Qh5 47. Qg2 Qf7 48. Rf1 Kh8 49. Qe2 Qd7 50. Qh5 Rf8 51. Qg6 Kg8 52. Re1 Rf7 53. Bxg7 1-0

[Event "CFriend SH-2003-0-00012 email"]
[Site "Chessfriend.com"]
[Date "2003.10.10"]
[Round "1"]
[White "Colsaet, Sylvain"]
[Black "Daurelle, Herve"]
[Result "1/2-1/2"]
[WhiteElo "2133"]
[BlackElo "2282"]
[PlyCount "121"]
[EventDate "2003.10.10"]
[EventType "tourn (corr)"]
[EventRounds "10"]
[SourceTitle "Corr 2024"]
[Source "ChessBase"]
[SourceDate "2023.10.19"]
[SourceVersion "1"]
[SourceVersionDate "2023.10.19"]
[SourceQuality "1"]

1. Nf3 Nf6 2. c4 e6 3. Nc3 d5 4. d4 Be7 5. Bg5 h6 6. Bh4 0-0 7. e3 b6 8. Be2 Bb7 9. Bxf6 Bxf6 10. cxd5 exd5 11. 0-0 Nd7 12. Qb3 c6 13. Rad1 Be7 14. Rfe1 Nf6 15. Ne5 Qc7 16. f4 c5 17. Bf3 c4 18. Qc2 Bb4 19. Re2 Qe7 20. g4 Rad8 21. Rg2 Nh7 22. Kh1 a6 23. g5 hxg5 24. Rg3 g6 25. Qg2 Qe6 26. f5 Qxf5 27. Bg4 Qf6 28. Rf1 Qd6 29. Rh3 f5 30. Rh6 Rf6 31. h4 Kg7 32. Qh2 gxh4 33. Qxh4 Nf8 34. Bxf5 Bc8 35. e4 Bxc3 36. Rh8 Bd2 37. Rf3 g5 38. Rh7+ Kg8 39. Qh5 Bxf5 40. Rh8+ Kg7 41. exf5 Be1 42. Ng4 Qe7 43. Re3 Qxe3 44. Nxe3 Rdd6 45. Ng4 Bd2 46. Nxf6 Rxf6 47. Rxf8 Kxf8 48. Qh8+ Kf7 49. Qh7+ Kf8 50. Qd7 b5 51. Qd8+ Kg7 52. Qxd5 Bf4 53. Kg2 Rf7 54. Kf3 Rf6 55. Qb7+ Kf8 56. Kg4 Rh6 57. a4 bxa4 58. Qb4+ Kf7 59. Qxc4+ Kg7 60. Qxa4 Kf8 61. Qd7 1/2-1/2

[Event "CFriend SH-2003-0-00012 email"]
[Site "Chessfriend.com"]
[Date "2003.10.10"]
[Round "?"]
[White "Lifshitz, Samuel"]
[Black "Colsaet, Sylvain"]
[Result "1/2-1/2"]
[WhiteElo "2255"]
[BlackElo "2076"]
[PlyCount "60"]
[EventDate "2003.10.10"]
[EventType "tourn (corr)"]
[EventRounds "10"]
[SourceTitle "Corr 2008"]
[Source "ChessBase"]
[SourceDate "2008.06.24"]
[SourceVersion "1"]
[SourceVersionDate "2008.06.24"]
[SourceQuality "1"]

1. e4 c5 2. Nf3 Nc6 3. Bb5 e6 4. 0-0 Nge7 5. c3 a6 6. Bxc6 Nxc6 7. d4 d5 8. exd5 Qxd5 9. Be3 c4 10. Nbd2 Bd6 11. b3 cxb3 12. axb3 0-0 13. Nc4 Bc7 14. Nce5 f6 15. c4 Qd6 16. Nd3 Re8 17. Re1 Qf8 18. d5 exd5 19. cxd5 Ne5 20. Bc5 Nxf3+ 21. Qxf3 Rxe1+ 22. Rxe1 Bd6 23. Bxd6 Qxd6 24. Re8+ Kf7 25. Qe3 b6 26. h3 Rb8 27. Nb2 b5 28. Nd3 Bf5 29. Rxb8 Qxb8 30. g4 Bxd3 1/2-1/2

[Event "IECG C1.2000.0.00283"]
[Site "IECG email"]
[Date "2000.05.27"]
[Round "?"]
[White "Colsaet, Sylvain"]
[Black "Starace, Umberto"]
[Result "1/2-1/2"]
[WhiteElo "1920"]
[BlackElo "1903"]
[PlyCount "59"]
[EventDate "2000.05.20"]
[EventType "tourn (corr)"]
[EventRounds "6"]
[SourceTitle "Corr 2008"]
[Source "ChessBase"]
[SourceDate "2008.06.24"]
[SourceVersion "1"]
[SourceVersionDate "2008.06.24"]
[SourceQuality "1"]

1. e4 c5 2. Nc3 Nc6 3. f4 e6 4. Nf3 Nge7 5. d4 Nxd4 6. Nxd4 cxd4 7. Qxd4 Nc6 8. Qd2 Bc5 9. b3 0-0 10. Bb2 d5 11. exd5 exd5 12. 0-0-0 d4 13. Ne4 Bb4 14. Qf2 Re8 15. Qf3 Qa5 16. Kb1 Ba3 17. Bb5 Qxb5 18. Bxa3 Qa5 19. Bb2 Bf5 20. Rhe1 Nb4 21. a3 Nxc2 22. Kxc2 Rxe4 23. Rxe4 Re8 24. Rdxd4 Rxe4 25. Rxe4 Qd5 26. Kc1 Bxe4 27. Qc3 f6 28. g4 Qd6 29. Qe3 Qe7 30. Kd2 1/2-1/2

[Event "IECC M email"]
[Site "IECC email"]
[Date "2000.05.15"]
[Round "?"]
[White "Borst, John C"]
[Black "Colsaet, Sylvain"]
[Result "1/2-1/2"]
[WhiteElo "2022"]
[BlackElo "1920"]
[PlyCount "46"]
[EventDate "2000.??.??"]
[EventType "tourn (corr)"]
[EventRounds "2"]
[SourceTitle "Corr 2008"]
[Source "ChessBase"]
[SourceDate "2008.06.24"]
[SourceVersion "1"]
[SourceVersionDate "2008.06.24"]
[SourceQuality "1"]

1. e4 c5 2. c3 Nf6 3. e5 Nd5 4. d4 cxd4 5. Nf3 e6 6. cxd4 b6 7. Bd3 Ba6 8. Bxa6 Nxa6 9. Nc3 Nac7 10. 0-0 Be7 11. Bd2 0-0 12. Rc1 Nxc3 13. Rxc3 Nd5 14. Rc1 Qb8 15. Qb3 Qb7 16. Rc2 Rfc8 17. Rfc1 h6 18. Ne1 Rc6 19. Qg3 Kf8 20. Qd3 Rac8 21. Qh7 f6 22. a3 Rxc2 23. Nxc2 f5 1/2-1/2

[Event "IECG C1.2001.0.00338"]
[Site "IECG email"]
[Date "2000.02.11"]
[Round "?"]
[White "Colsaet, Sylvain"]
[Black "Ling, Anthony J"]
[Result "1-0"]
[WhiteElo "1920"]
[BlackElo "1880"]
[PlyCount "49"]
[EventDate "2001.02.11"]
[EventType "tourn (corr)"]
[EventRounds "6"]
[SourceTitle "Corr 2008"]
[Source "ChessBase"]
[SourceDate "2008.06.24"]
[SourceVersion "1"]
[SourceVersionDate "2008.06.24"]
[SourceQuality "1"]

1. e4 e6 2. d4 d5 3. Nc3 Bb4 4. e5 c5 5. a3 Bxc3+ 6. bxc3 Ne7 7. h4 0-0 8. h5 Nd7 9. Qg4 Qa5 10. Bd2 Re8 11. Nf3 Nf5 12. Qh3 Qb6 13. g4 Ne7 14. Bd3 h6 15. g5 c4 16. Bg6 fxg6 17. gxh6 gxh6 18. hxg6 Nxg6 19. Rg1 Ndf8 20. Rxg6+ Nxg6 21. Qxh6 Nf4 22. Qg5+ Kf8 23. Qf6+ Kg8 24. Bxf4 Qc7 25. Kd2 1-0